00330nam a2200157Ia 4500003000400000005001700004008004100021040000700062041000800069082001600077100001700093245002400110260001700134300000900151650001200160OSt20251028105941.0250729s1909 xx 000 0 und d cAL aeng a418.02 NICE aNichol L L D aEnglish composition aLondonc1909 a128p aEnglish